书目信息 |
| 题名: |
高濂《玉簪记》研究
|
|
| 作者: | 许怀之 著 | |
| 分册: | ||
| 出版信息: | 天津 天津古籍出版社 2022 |
|
| 页数: | 333页 | |
| 开本: | 24cm | |
| 丛书名: | ||
| 单 册: | ||
| 中图分类: | J821.9 , J821 | |
| 科图分类: | ||
| 主题词: | 昆曲--研究 | |
| 电子资源: | ||
| ISBN: | 978-7-5528-1297-8 | |
| 000 | 00767nam0 2200229 450 | |
| 001 | 2369596917 | |
| 005 | 20231204192005.72 | |
| 010 | @a978-7-5528-1297-8@dCNY78.00 | |
| 100 | @a20230526d2022 em y0chiy50 ea | |
| 101 | 0 | @achi |
| 102 | @aCN@b120000 | |
| 105 | @ay z 000yy | |
| 200 | 1 | @a高濂《玉簪记》研究@Agao lian 《 yu zan ji 》 yan jiu@e从文学剧本到昆曲演出@f许怀之著 |
| 210 | @a天津@c天津古籍出版社@d2022 | |
| 215 | @a333页@d24cm | |
| 330 | @a本书共四章,内容包括:高濂生平和《玉簪记》的本事与版本;《玉簪记》之剧本探讨;《玉簪记》文学本至折子戏之演出;1980年后《玉簪记》的昆剧演出。 | |
| 606 | 0 | @a昆曲@x研究 |
| 690 | @aJ821.9@v5 | |
| 690 | @aJ821@v4 | |
| 701 | 0 | @a许怀之@Axu huai zhi@4著 |
| 801 | 0 | @aCN@b91MARC@c20230630 |
| 905 | @aZUCC@dJ821@e14 | |
| 高濂《玉簪记》研究:从文学剧本到昆曲演出/许怀之著.-天津:天津古籍出版社,2022 |
| 333页;24cm |
| ISBN 978-7-5528-1297-8:CNY78.00 |
| 本书共四章,内容包括:高濂生平和《玉簪记》的本事与版本;《玉簪记》之剧本探讨;《玉簪记》文学本至折子戏之演出;1980年后《玉簪记》的昆剧演出。 |
| ● |
| 相关链接 |
|
|
|
正题名:高濂《玉簪记》研究
索取号:J821/14
 
预约/预借
| 序号 | 登录号 | 条形码 | 馆藏地/架位号 | 状态 | 备注 |
| 1 | 2001262207 | 2001262207 | 辽宁北方(第一批)/辽宁北方(第一批)/213/ [索取号:J821/14] | 在馆 | |
| 2 | 2001262208 | 2001262208 | 辽宁北方(第一批)/辽宁北方(第一批)/213/ [索取号:J821/14] | 在馆 | |
| 3 | 2001262209 | 2001262209 | 辽宁北方(第一批)/辽宁北方(第一批)/213/ [索取号:J821/14] | 在馆 | |
| 4 | 2001262210 | 2001262210 | 辽宁北方(第一批)/辽宁北方(第一批)/213/ [索取号:J821/14] | 在馆 | |
| 5 | 2001262211 | 2001262211 | 辽宁北方(第一批)/辽宁北方(第一批)/213/ [索取号:J821/14] | 在馆 | |
| 6 | 2001262212 | 2001262212 | 辽宁北方(第一批)/辽宁北方(第一批)/213/ [索取号:J821/14] | 在馆 |